000 00472nam a22001577a 4500
005 20180806160035.0
020 _a9788175344761
_c350.00
035 _aB-220675, B-220687
037 _aDPL
_bENG
100 _aDas, P.K.
245 _aUniversal's handbook on the Right to information act 2005 /
_cby P.K. Das
250 _arprn.
260 _aNew Delhi
_bUniversal Publishing Co.
_c2007
300 _axiv, 460p.
_c22 cms.
942 _2ddc
_cEN
_h323.445
_mDAS
999 _c65987
_d65987